| 000 | 00721cam a2200253 4500 | ||
|---|---|---|---|
| 001 | M1721 | ||
| 008 | 090401t1995 xxu||||| |||| 00| 0 eng d | ||
| 035 | _a(Sirsi) u33969 | ||
| 041 | _aeng | ||
| 050 | _a697.8 | ||
| 100 | _aWelsh, P.A. | ||
| 245 | _aTesting the performance of terminals for ventilation systems, chimneys and flues. | ||
| 260 |
_aGarston, Watford _bBuilding Research Establishment _c1995 |
||
| 300 | _a(4)p. : ill. ; 30cm. | ||
| 350 | _a0 | ||
| 490 |
_aBRE Information Paper _v5/95 |
||
| 650 | _aEXHAUSTS | ||
| 650 | _aFLOW RESISTANCE | ||
| 650 | _aWIND | ||
| 690 | _aBUILT ENVIRONMENT-CONSTRUCTION DESIGN | ||
| 710 | _aBuilding Research Establishment | ||
| 942 | _n0 | ||
| 948 | _c04/03/1997 | ||
| 999 |
_c89887 _d89887 |
||